|
|
|
|
| LEADER |
01493nam a22003137a 4500 |
| 001 |
40854 |
| 003 |
BD-DhAAL |
| 008 |
230210t2021 |||a|||| |||| 00| 0 eng d |
| 020 |
|
|
|a 9798525995178
|
| 040 |
|
|
|a BD-DhAAL
|b BD-DhAAL
|
| 082 |
|
|
|a 153.4
|2 23
|
| 100 |
|
|
|a Meurisse, Thibaut
|9 53587
|
| 245 |
|
|
|a Dopamine detox :
|b a short guide to remove distractions and get your brain to do hard things /
|c Thibaut Meurisse.
|
| 246 |
|
|
|a Dopamine detox :
|b a short guide to eliminate distractions and train your brain to do hard things
|
| 260 |
|
|
|a [Place of publication not identified] :
|b [Publisher not identified],
|c 2021.
|
| 300 |
|
|
|a viii, 60 pages :
|b illustrations ;
|c 23 cm.
|
| 526 |
|
|
|a CSE
|
| 541 |
|
|
|a Development Book Agency
|e 40854, 40855
|
| 650 |
|
|
|a Attention.
|9 53588
|
| 650 |
|
|
|a Distraction (Psychology).
|9 53589
|
| 650 |
|
|
|a Self-actualization (Psychology).
|
| 650 |
|
|
|a Self-management (Psychology).
|9 53590
|
| 650 |
|
|
|a Time management.
|
| 650 |
|
|
|a Psychology.
|
| 852 |
|
|
|a Ayesha Abed Library
|c General Stacks
|
| 942 |
|
|
|2 ddc
|c BK
|
| 999 |
|
|
|c 45022
|d 45022
|
| 952 |
|
|
|0 0
|1 0
|2 ddc
|4 0
|6 153_400000000000000_MEU
|7 0
|9 73012
|a BRACUL
|b BRACUL
|c GEN
|d 2023-01-16
|e Development Book Agency
|g 2400.00
|l 7
|m 21
|o 153.4 MEU
|p 3010040854
|r 2025-12-11
|s 2025-09-02
|t 1
|v 2400.00
|w 2023-01-16
|y BK
|
| 952 |
|
|
|0 0
|1 0
|2 ddc
|4 0
|6 153_400000000000000_MEU
|7 0
|9 73013
|a BRACUL
|b BRACUL
|c GEN
|d 2023-01-16
|e Development Book Agency
|g 2400.00
|l 9
|m 95
|o 153.4 MEU
|p 3010040855
|r 2026-05-13
|s 2026-01-07
|t 2
|v 2400.00
|w 2023-01-16
|y BK
|